| 000 | 00929cam a2200253 4500 | ||
|---|---|---|---|
| 999 |
_c128796 _d128796 |
||
| 001 | 4101315 | ||
| 003 | ARRUPE | ||
| 005 | 20190123123139.0 | ||
| 008 | 750128s1968 rh a 000 0 eng | ||
| 010 | _a 74173333 | ||
| 040 |
_aDLC _cDLC _dDLC |
||
| 043 | _af-rh--- | ||
| 050 | 0 | 0 |
_aSPC. QE27.R6 _bB86 |
| 082 | 0 | 0 | _a556.89/1 |
| 245 | 0 | 4 | _aThe Bundu book of geology, gemmology, and archaeology. |
| 260 |
_a[Salisbury] _bPublished by Longmans of Rhodesia for The Standing Conference of National Voluntary Youth Organisations in Rhodesia _c[1968] |
||
| 300 |
_aiv, 123 p. _billus. _c18 cm. |
||
| 490 | 0 | _aBundu book 3 | |
| 650 | 0 |
_aGeology _zZimbabwe. _944070 |
|
| 650 | 0 |
_aPrecious stones _zZimbabwe. _944071 |
|
| 651 | 0 |
_aZimbabwe _xAntiquities. _99546 |
|
| 710 | 2 |
_aStanding Conference of National Voluntary Youth Organisations in Rhodesia. _913293 |
|
| 906 |
_a7 _bcbc _corignew _d4 _encip _f19 _gy-gencatlg |
||
| 942 |
_2lcc _cSPC |
||